Sri Aurobindo: (Record no. 11113)

MARC details
000 -LEADER
fixed length control field 01538 a2200277 4500
005 - DATE AND TIME OF LATEST TRANSACTION
control field 20110810155150.0
010 ## - LCCN (DPL NO)
LC control number ENG-89658 B-423803-805
020 ## - INTERNATIONAL STANDARD BOOK NUMBER
International Standard Book Number 0415460934
Terms of availability 275.00
035 ## - SYSTEM CONTROL NUMBER
System control number EN-73191
035 ## - SYSTEM CONTROL NUMBER
System control number B-423803-805
037 ## - SOURCE OF ACQUISITION
Source of stock number/acquisition DBAD / PUB
037 ## - SOURCE OF ACQUISITION
Source of stock number/acquisition Allied Publishers
082 14 - DEWEY DECIMAL CLASSIFICATION NUMBER
Classification number 181.499
100 1# - MAIN ENTRY--PERSONAL NAME
Personal name Mohanty, Sachidananda
245 1# - TITLE STATEMENT
Title Sri Aurobindo:
Remainder of title a contemporary reader/
Statement of responsibility, etc by Sachidananda Mohanty
260 ## - PUBLICATION, DISTRIBUTION, ETC. (IMPRINT)
Place of publication, distribution, etc New Delhi
Name of publisher, distributor, etc Routledge
Date of publication, distribution, etc 2008
270 ## - ADDRESS
Address 912, Tolstoy House, 15-17 Tolstoy Marg
City New Delhi
Postal code 110 001
300 ## - PHYSICAL DESCRIPTION
Extent xiv, 235p.:
Dimensions 22 cm ( Hb.)
Other physical details b&w photos
500 ## - GENERAL NOTE
General note Includes bibliographical references & index.
942 ## - ADDED ENTRY ELEMENTS (KOHA)
Institution code [OBSOLETE] dpl
Item type English Books
Source of classification or shelving scheme Dewey Decimal Classification
Classification part 181.499
Call number suffix MOH
Holdings
Withdrawn status Lost status Not for loan Collection code Home library Current library Source of acquisition Cost, normal purchase price Full call number Barcode Copy number Cost, replacement price Koha item type Date acquired
      Non-fiction Central Library Central Library Allied Publishers/CR/0002704/17.3.11/75/4.3.11/17.3.11 275.00 181.499 MOH B-423803 1 275.00 English Books 10/08/2011
    Not For Loan Non-fiction D.B.Act.Division D.B.Act.Division DBAD/PUB 275.00 181.499 MOH EN-73191 1 275.00 English Books  
      Non-fiction Patel Nagar Patel Nagar Allied Publishers/CR/0002704/17.3.11/75/4.3.11/17.3.11 275.00 181.499 MOH B-423804 1 275.00 English Books 10/08/2011
      Non-fiction Sarojini Nagar Sarojini Nagar Allied Publishers/CR/0002704/17.3.11/75/4.3.11/17.3.11 275.00 181.499 MOH B-423805 1 275.00 English Books 10/08/2011

© Delhi Public Library
Hit Counter
free hit counter